Statystyki dla 10 Najwartościowszych Austriaków

Kliknij tutaj aby rozwiązać quiz!

Ogólne statystyki

  • Ten quiz został rozwiązany 48 razy
  • Średni wynik to 4 z 10

Statystyki odpowiedzi

WartośćPiłkarz% Poprawnych
52 mlnAlaba
95%
16 mlnArnautović
72%
32 mlnSabitzer
67%
15 mlnLazaro
37%
24 mlnLaimer
30%
14,5 mlnHinteregger
28%
14,5 mlnLainer
23%
20 mlnGrillitsch
12%
12 mlnSchlager
9%
11 mlnPosch
2%

Rozkład punktacji

Percentyl według liczby udzielonych odpowiedzi

Procent ludzi z każdym wynikiem

Twoja historia wyników

Nie rozwiązałeś tego quizu